Guess the NBA Player from Initials - Statistics

General Stats
  • This quiz has been taken 148 times
  • The average score is 11 of 14
Answer Stats
Hint Answer % Correct
KD Kevin Durant
100%
MJ Michael Jordan
97%
LBJ Lebron James
96%
AD Anthony Davis
95%
CP Chris Paul
93%
PG Paul George
91%
VC Vince Carter
88%
AI Allen Iverson
86%
KG Kevin Garnett
86%
KB Kobe Bryant
75%
TD Tim Duncan
63%
JE Julius Erving
43%
WC Wilt Chamberlain
42%
BG Blake Griffin
36%
No matching quizzes found
Score Distribution
Percent of People with Each Score
Percentile by Number Answered
Your Score History
You have not taken this quiz